[Event "SC Klein-Berlin Rheine 2 - SK Metelen 1"]
[Site "Verbandsklasse 2016/2017"]
[Date "2016.11.12"]
[Round "3.1"]
[White "Schudro, Vasily"]
[Black "Ratert, Matthias"]
[Result "1-0"]
[WhiteElo "2075"]
[BlackElo "1864"]
[PlyCount "99"]
[EventDate "2016.??.??"]
[SourceDate "2016.10.13"]

1. e4 e5 2. Nf3 Nf6 3. Nc3 Bb4 4. Bd3 d5 5. Nxd5 Nxd5 6. exd5 Qxd5 7. Qe2 O-O
8. O-O Nc6 9. a3 Be7 10. b4 Nd4 11. Nxd4 Qxd4 12. c3 Qd6 13. Bc2 Bf6 14. a4 Bd7
15. b5 c6 16. Ba3 c5 17. Be4 Rab8 18. d3 a5 19. Rad1 b6 20. h3 Qe6 21. Qc2 g6
22. c4 Bg7 23. Bb2 Kh8 24. Qc3 Qe7 25. f4 f5 26. Bd5 exf4 27. Rde1 Bxc3 28.
Bxc3+ Qf6 29. Bxf6+ Rxf6 30. Re7 Rd8 31. Rxf4 g5 32. Rf2 f4 33. g4 h5 34. Re5
hxg4 35. hxg4 Rg6 36. Re7 Rh6 37. Rg2 Rh4 38. Re5 Bxg4 39. Rxg5 Bd1 40. Kf2 Re8
41. Rg8+ Rxg8 42. Rxg8+ Kh7 43. Rg2 Bxa4 44. Be4+ Kh8 45. Rg6 Bc2 46. Rxb6 Rh2+
47. Kf3 Rh3+ 48. Kg4 Rxd3 49. Bxd3 Bxd3 50. Rc6 1-0

[Event "SC Klein-Berlin Rheine 2 - SK Metelen 1"]
[Site "Verbandsklasse 2016/2017"]
[Date "2016.11.12"]
[Round "3.2"]
[White "Hauk, Viktor"]
[Black "Bernink, Henk"]
[Result "1/2-1/2"]
[WhiteElo "1809"]
[BlackElo "2124"]
[PlyCount "76"]
[EventDate "2016.??.??"]
[SourceDate "2016.10.13"]

1. d4 d5 2. c4 e6 3. Nc3 Nf6 4. Nf3 c6 5. Bg5 Be7 6. e3 Nbd7 7. a3 O-O 8. Qc2
Re8 9. Rd1 a6 10. Bd3 dxc4 11. Bxc4 Nd5 12. Bxe7 Qxe7 13. O-O Nxc3 14. Qxc3 b6
15. Ne5 Bb7 16. f4 Nf8 17. Be2 Rac8 18. Bf3 c5 19. Bxb7 Qxb7 20. Qb3 b5 21.
dxc5 Rxc5 22. Rd4 Rec8 23. Rfd1 Rc2 24. R1d2 Rxd2 25. Rxd2 Qe4 26. Qd3 Qxd3 27.
Rxd3 f6 28. Nf3 Kf7 29. Rd6 a5 30. Nd4 Rc1+ 31. Kf2 Rb1 32. b4 axb4 33. axb4
Rxb4 34. Rb6 Rb2+ 35. Kf3 b4 36. Nc6 b3 37. Rb7+ Kg6 38. Nd4 Rb1 1/2-1/2

[Event "SC Klein-Berlin Rheine 2 - SK Metelen 1"]
[Site "Verbandsklasse 2016/2017"]
[Date "2016.11.12"]
[Round "3.4"]
[White "Brinkmann, Franz-Josef"]
[Black "Zachej, Arne"]
[Result "0-1"]
[WhiteElo "1773"]
[BlackElo "1879"]
[PlyCount "64"]
[EventDate "2016.??.??"]
[SourceDate "2016.10.13"]

1. e4 c5 2. Nf3 d6 3. d4 cxd4 4. Nxd4 Nf6 5. Nc3 a6 6. Bc4 Qc7 7. Bb3 e6 8. O-O
Be7 9. Be3 Nbd7 10. Bxe6 fxe6 11. Nxe6 Qc4 12. Nxg7+ Kf7 13. Nf5 Nc5 14. Nxd6+
Bxd6 15. Qxd6 Ncxe4 16. Nxe4 Qxe4 17. Rae1 Rg8 18. f3 Qxc2 19. Rf2 Qc6 20. Qd3
Qd5 21. Qa3 Be6 22. Qb4 Rac8 23. Rd2 Rc4 24. Qb6 Qxf3 25. Rf2 Qc6 26. Ref1 Rg6
27. Qd8 Bh3 28. Bg5 Rf4 29. Qd3 Rxg5 30. Qxh3 Qb6 31. Qc8 Rgf5 32. Qc2 Rxf2 0-1

[Event "SC Klein-Berlin Rheine 2 - SK Metelen 1"]
[Site "Verbandsklasse 2016/2017"]
[Date "2016.11.12"]
[Round "3.5"]
[White "Wigger, Frank"]
[Black "Miethe, Christoph"]
[Result "1-0"]
[WhiteElo "1800"]
[BlackElo "1695"]
[PlyCount "43"]
[EventDate "2016.??.??"]
[SourceDate "2016.10.13"]

1. e4 e5 2. Bc4 Bc5 3. Nc3 Nf6 4. d3 h6 5. a3 c6 6. Nf3 d6 7. h3 O-O 8. O-O d5
9. Ba2 d4 10. Ne2 Bd6 11. b4 b6 12. c3 dxc3 13. Nxc3 Bb7 14. Bb2 Re8 15. Qb3
Qe7 16. d4 Nbd7 17. Rfe1 Rab8 18. Rad1 Bc7 19. d5 a6 20. Nh4 cxd5 21. exd5 Qf8
22. d6 1-0

[Event "SC Klein-Berlin Rheine 2 - SK Metelen 1"]
[Site "Verbandsklasse 2016/2017"]
[Date "2016.11.12"]
[Round "3.6"]
[White "Huesmann, Stephan"]
[Black "Bückers, Bernhard"]
[Result "1-0"]
[WhiteElo "1687"]
[BlackElo "1705"]
[PlyCount "45"]
[EventDate "2016.??.??"]
[SourceDate "2016.10.13"]

1. e4 c5 2. Nf3 e6 3. d4 cxd4 4. Nxd4 Nf6 5. f3 Nc6 6. Be3 d6 7. Qd2 Be7 8. Nc3
O-O 9. g4 Nxd4 10. Bxd4 e5 11. Be3 Be6 12. O-O-O a6 13. Kb1 b5 14. h4 b4 15.
Na4 a5 16. b3 Nd7 17. h5 Nc5 18. Nb2 Qc7 19. g5 f5 20. gxf6 Rxf6 21. Bh3 Bxh3
22. Rxh3 Bf8 23. Qd5+ 1-0

[Event "SC Klein-Berlin Rheine 2 - SK Metelen 1"]
[Site "Verbandsklasse 2016/2017"]
[Date "2016.11.12"]
[Round "3.7"]
[White "Gravenkötter, Christian"]
[Black "Wilde, Jürgen"]
[Result "1-0"]
[WhiteElo "1689"]
[BlackElo "1649"]
[PlyCount "75"]
[EventDate "2016.??.??"]
[SourceDate "2016.10.13"]

1. e4 c5 2. Nf3 Nc6 3. c3 Nf6 4. e5 Nd5 5. c4 Nc7 6. d4 cxd4 7. Bf4 Ne6 8. Bg3
g6 9. Bd3 Bg7 10. O-O O-O 11. Re1 d6 12. exd6 exd6 13. Nbd2 Nc5 14. Nb3 Bg4 15.
Be4 Nxe4 16. Rxe4 Bxf3 17. Qxf3 Ne5 18. Qe2 Nc6 19. Rd1 Qd7 20. f3 Rfe8 21. Bf2
d5 22. cxd5 Rxe4 23. fxe4 Ne5 24. Nxd4 Qa4 25. b3 Qa5 26. Rc1 Re8 27. Qb5 Qxb5
28. Nxb5 Nd3 29. Rc7 Be5 30. Rc4 a6 31. Nc7 Bxc7 32. Rxc7 Nxf2 33. Kxf2 Rxe4
34. d6 Rd4 35. d7 Kg7 36. Rxb7 Rd6 37. Ke3 Kf6 38. Rb6 1-0

[Event "SC Klein-Berlin Rheine 2 - SK Metelen 1"]
[Site "Verbandsklasse 2016/2017"]
[Date "2016.11.12"]
[Round "3.8"]
[White "Pohlmeier, Ulrich"]
[Black "Morrien, Rolf"]
[Result "1/2-1/2"]
[WhiteElo "1588"]
[BlackElo "1656"]
[PlyCount "135"]
[EventDate "2016.??.??"]
[SourceDate "2016.10.13"]

1. d4 f5 2. c4 Nf6 3. g3 e6 4. Bg2 c6 5. Nc3 d5 6. cxd5 exd5 7. Nf3 Bd6 8. O-O
O-O 9. e3 Ne4 10. Nxe4 fxe4 11. Nd2 Nd7 12. f3 exf3 13. Bxf3 Nf6 14. a3 Qc7 15.
Kg2 Bd7 16. b4 a6 17. Nb3 Rae8 18. Nc5 Bc8 19. Bd2 Rf7 20. Rc1 Bxc5 21. Rxc5
Qd7 22. Rc1 Ref8 23. Qe2 Qh3+ 24. Kg1 Ng4 25. Qg2 Nf6 26. Qe2 Ng4 27. Qg2 Nf6
28. Qe2 Be6 29. Rce1 Ng4 30. Qg2 Qxh2+ 31. Qxh2 Nxh2 32. Kxh2 Rxf3 33. Rxf3
Rxf3 34. Kg2 Bg4 35. Rf1 Rf7 36. Rf4 h5 37. e4 dxe4 38. Rxf7 Kxf7 39. Bf4 Ke6
40. Kf2 Kd5 41. Ke3 Bf5 42. a4 Kc4 43. Bd6 Kd5 44. Be7 Bg4 45. Bf8 g6 46. Be7
Ke6 47. Bd8 Kf5 48. Be7 Bf3 49. Kf2 Kg4 50. Bf6 g5 51. Be5 h4 52. gxh4 Kxh4 53.
a5 Kg4 54. Bd6 Kf5 55. Ke3 Ke6 56. Bc5 Kd5 57. Be7 g4 58. Bh4 Kc4 59. Be1 Kb3
60. Kf4 Kc2 61. Ke3 Kd1 62. Bg3 Kc2 63. Be1 Kb3 64. Kf4 Kc4 65. Ke3 g3 66. Bxg3
Kxb4 67. Bc7 Kb5 68. Bb6 1/2-1/2